Luchas y resistencias campesinas en Colombia: 1948-2015 (Registro nro. 307558)

Detalles MARC
000 -ENCABEZADO
Número de control [NR] 01069nam a2200253 a 4500
005 - FECHA Y HORA DE LA ÚLTIMA TRANSACCIÓN
control field 20171120093116.0
008 - DE LONGITUD FIJA DE DATOS DE ELEMENTOS - INFORMACIÓN GENERAL
Elementos de longitud fija [NR] 171120s2017 ck bo gr 000 0 spa d
020 ## - NUMERO INTERNACIONAL NORMALIZADO PARA LIBROS [R]
Número Internacional Normalizado del libro [NR] 9789585402010
040 ## - FUENTE DE CATALOGACION [NR]
Agencia de catalogación original [NR] CO-BoUCM
Idioma de catalogación [NR] spa
Quien Cataloga Sandra Palacio
Quien Clasifica Sandra Palacio
100 1# - ASIENTO PRINCIPAL--NOMBRE PERSONAL [NR]
Nombre personal [NR] González Ordoñez, Luis Gerardo
ID Autoridad 89187
245 10 - MENCION DE TITULO [NR]
Título [NR] Luchas y resistencias campesinas en Colombia: 1948-2015
Parte restante del título [NR] caminos de la guerra y de la paz
Mención de responsabilidad, etc. [NR] Luis Gerardo González ; colaboración Diana Patricia Sánchez, Aurora González
260 ## - PUBLICACION, DISTRIBUCION, ETC. (PIE DE IMPRENTA) [R]
Lugar de publicación, distribución, etc. [R] Bogotá (Colombia)
Nombre del editor, distribuidor, etc. [R] Ediciones Aurora
Fecha de publicación, distribución, etc. [R] 2017
300 ## - DESCRIPCION FISICA [R]
Extensión [R] 218 páginas
Otros detalles físicos [NR] mapas, fotografías
490 0# - MENCION DE SERIE [R]
Mención de serie [R] Historia
610 24 - ASIENTO SECUNDARIO DE MATERIA - NOMBRE CORPORATIVO [R]
Nombre corporativo o nombre de la jurisdicción como elemento de entrada [NR] Colombia
Unidad subordinada [R] Ejército Nacional
Subdivisión general [R] Actividades
9 (RLIN) 89188
650 17 - ASIENTO SECUNDARIO DE MATERIA - TERMINO TEMATICO [R]
Término temático o nombre geográfico como elemento de entrada [NR] Movimientos campesinos
Subdivisión geográfica [R] Colombia
9 (RLIN) 89189
650 27 - ASIENTO SECUNDARIO DE MATERIA - TERMINO TEMATICO [R]
Término temático o nombre geográfico como elemento de entrada [NR] Reforma agraria
Subdivisión geográfica [R] Colombia
9 (RLIN) 23279
650 27 - ASIENTO SECUNDARIO DE MATERIA - TERMINO TEMATICO [R]
Término temático o nombre geográfico como elemento de entrada [NR] Sindicatos
Subdivisión geográfica [R] Colombia
9 (RLIN) 27572
650 27 - ASIENTO SECUNDARIO DE MATERIA - TERMINO TEMATICO [R]
Término temático o nombre geográfico como elemento de entrada [NR] Guerrillas
Subdivisión geográfica [R] Colombia
9 (RLIN) 16642
700 1# - ASIENTO SECUNDARIO - NOMBRE PERSONAL [R]
Nombre personal [NR] Sánchez M., Diana Patricia
9 (RLIN) 89190
700 1# - ASIENTO SECUNDARIO - NOMBRE PERSONAL [R]
Nombre personal [NR] González Mora, Aurora
9 (RLIN) 89191
942 ## - ELEMENTOS DE ENTRADA AGREGADOS (KOHA)
Sistema de clasificación DEWEY
Tipo de ítem principal el descrito en 300a Libro
Tema principal Sociología
Edición 1
Clasificación 305.5633
Parte restante de la signatura top. G643lr
Existencias
Total préstamos Signatura topográfica Código de barras Última vez visto Ejemplar Costo de reposición Price effective from Tipo de ítem Perdido Sistema de clasificación Dañado No prestable Tipo de ítem específico Suprimido Ubicación habitual Ubicación actual Localización Fecha de creación Proveedor Forma de adquisición Costo
  305.5633 G643lr 100155535 09/12/2025 Ej.2 25500.00 09/11/2017 Libro   DEWEY     Libro   Claustro Claustro 2do piso 09/11/2017 9 Compra 25500.00
  305.5633 G643lr 100155534 09/12/2025 Ej.1 25500.00 09/11/2017 Libro   DEWEY     Libro   Claustro Claustro 2do piso 09/11/2017 9 Compra 25500.00